000 00623nam a2200217Ia 4500
001 8895
003 GE_BSU
008 181216s||||||||xx |||||||||||||| ||und||
040 _cGE_BSU
245 _aРеферативный журнал. Электронное издание №12. 13Б. 2013
245 _b2013
260 _aМосква
260 _bВинити
260 _c2013
300 _acd
653 _acd
653 _aМатематика
653 _aРеферативный журнал. Электронное издание №12 2013
653 _aმათემატიკა
942 _cCF
999 _c42202
_d42202